000 00357nam a2200133 4500
005 20260209161811.0
008 260209b |||||||| |||| 00| 0 eng d
020 _a9783822830529
_qHbk
082 _a709 NER
100 _aMatisse, Henri
245 _aCut - outs
_b:Drawing with scissors
_cHenri Matisse
260 _aHong Kong
_bTaschen
_c2009
942 _cREF
999 _c611268
_d611268